[Event "Rottach Egern Seniors Cup 12th"]
[Site "Rottach Egern"]
[Date "2024.04.11"]
[Round "6"]
[White "Jahn, Peter"]
[Black "Cordts, Ingo"]
[Result "1/2-1/2"]
[WhiteElo "2068"]
[BlackElo "2225"]
[PlyCount "67"]
[EventDate "2024.04.06"]
[EventType "swiss"]
[EventRounds "9"]
[EventCountry "GER"]
[SourceTitle "CB16_2024"]
[SourceDate "2024.04.17"]
[SourceVersion "1"]
[SourceVersionDate "2024.04.17"]
[SourceQuality "1"]

1. d4 Nf6 2. Nf3 d5 3. g3 c5 4. Bg2 cxd4 5. 0-0 Bd7 6. Nxd4 e5 7. Nb3 Be6 8. c4 Nc6 9. cxd5 Nxd5 10. N1d2 f6 11. Ne4 b6 12. Nc3 Ncb4 13. a3 Nxc3 14. bxc3 Qxd1 15. Rxd1 Bxb3 16. Bxa8 Bxd1 17. axb4 a5 18. Bc6+ Kf7 19. bxa5 bxa5 20. Kf1 a4 21. Bxa4 Bxa4 22. Rxa4 Be7 23. e4 h5 24. Be3 h4 25. Ke2 Rb8 26. Kf3 Rb3 27. Rc4 Ke6 28. Kg4 hxg3 29. hxg3 g6 30. Kf3 Kd7 31. Ke2 Rb2+ 32. Kd3 Ra2 33. Bb6 Bd6 34. Be3 1/2-1/2

[Event "Rottach Egern Seniors Cup 11th"]
[Site "Rottach Egern"]
[Date "2023.04.18"]
[Round "4"]
[White "Baeuml, Ulrich"]
[Black "Cordts, Ingo"]
[Result "1/2-1/2"]
[WhiteElo "2110"]
[BlackElo "2202"]
[PlyCount "66"]
[EventDate "2023.04.15"]
[EventType "swiss"]
[EventRounds "9"]
[EventCountry "GER"]
[SourceTitle "EXT 2024"]
[Source "ChessBase"]
[SourceDate "2023.10.10"]
[SourceVersion "1"]
[SourceVersionDate "2023.10.10"]
[SourceQuality "1"]

1. Nf3 d5 2. d4 Nf6 3. g3 c5 4. Bg2 cxd4 5. Nxd4 e5 6. Nb3 h6 7. 0-0 Nc6 8. a4 Be7 9. a5 a6 10. Bd2 0-0 11. Nc3 Bb4 12. Nb1 Bf5 13. Ra4 Be7 14. Ra1 Rc8 15. c3 d4 16. cxd4 exd4 17. Na3 Be4 18. Bh3 Ra8 19. Nc4 Qd5 20. Nb6 Qh5 21. Bg2 Rad8 22. Bxe4 Nxe4 23. Bf4 Bf6 24. Bc7 Qh3 25. Qd3 Rde8 26. Rac1 Be5 27. Qxe4 Bxg3 28. Qg2 Qxg2+ 29. Kxg2 Bxc7 30. Nd7 Rxe2 31. Nxf8 Re7 32. Nd7 Rxd7 33. Nc5 Re7 1/2-1/2

[Event "Rottach Egern Seniors Cup 11th"]
[Site "Rottach Egern"]
[Date "2023.04.17"]
[Round "3"]
[White "Cordts, Ingo"]
[Black "Basener, Winfried"]
[Result "1-0"]
[WhiteElo "2202"]
[BlackElo "2058"]
[PlyCount "118"]
[EventDate "2023.04.15"]
[EventType "swiss"]
[EventRounds "9"]
[EventCountry "GER"]
[SourceTitle "EXT 2024"]
[Source "ChessBase"]
[SourceDate "2023.10.10"]
[SourceVersion "1"]
[SourceVersionDate "2023.10.10"]
[SourceQuality "1"]

1. Nf3 Nf6 2. c4 e6 3. g3 b6 4. Bg2 Bb7 5. 0-0 Be7 6. Nc3 0-0 7. Re1 d5 8. cxd5 exd5 9. d4 Nbd7 10. Bf4 a6 11. Rc1 Rc8 12. Rc2 c5 13. dxc5 bxc5 14. Nh4 Nb6 15. Nf5 Ba8 16. Qd3 d4 17. Bxa8 Rxa8 18. Ne4 Nxe4 19. Qxe4 Re8 20. Qf3 Bf8 21. Rec1 Ra7 22. Qd3 Nd5 23. Bd2 g6 24. Nh4 Qf6 25. Nf3 a5 26. Qb5 Nc7 27. Qc4 Ne6 28. Kg2 h6 29. h4 Qf5 30. Qb5 Nc7 31. Qb6 Rea8 32. Rxc5 Bxc5 33. Rxc5 Qe6 34. Rc6 Qe7 35. Qxd4 Ne6 36. Qc3 Kh7 37. h5 Re8 38. hxg6+ fxg6 39. Qe3 Ng5 40. Nxg5+ hxg5 41. Rc5 Qb7+ 42. Qf3 Rxe2 43. Bc3 a4 44. Rc6 g4 45. Qf6 Qg7 46. Qh4+ Qh6 47. Qd8 Rg7 48. Rc7 Rxf2+ 49. Kxf2 Qh2+ 50. Kf1 Qh1+ 51. Ke2 Qf3+ 52. Kd2 Qf2+ 53. Kd1 Qf1+ 54. Be1 Qf3+ 55. Kc1 Qe3+ 56. Bd2 Qg1+ 57. Kc2 Qxg3 58. Rc8 g5 59. Qh8+ Kg6 1-0

[Event "BEL-chT 2223"]
[Site "Belgium"]
[Date "2023.03.19"]
[Round "9.5"]
[White "Osinga, Angelique"]
[Black "Cordts, Ingo"]
[Result "1/2-1/2"]
[WhiteElo "1973"]
[BlackElo "2223"]
[PlyCount "33"]
[EventDate "2022.09.25"]
[EventType "team-tourn"]
[EventRounds "11"]
[EventCountry "BEL"]
[SourceTitle "CBM 213 Extra"]
[Source "ChessBase"]
[SourceDate "2023.05.31"]
[SourceVersion "1"]
[SourceVersionDate "2023.05.31"]
[SourceQuality "1"]
[WhiteTeam "Brasschaat"]
[BlackTeam "Tal"]
[WhiteTeamCountry "BEL"]
[BlackTeamCountry "BEL"]

1. e4 e5 2. Nf3 Nc6 3. Bc4 Bc5 4. d3 Nf6 5. Nc3 d6 6. Be3 Bg4 7. Nd5 Na5 8. Bxc5 dxc5 9. Ne3 Nxc4 10. Nxc4 Nd7 11. h3 Bxf3 12. Qxf3 Qg5 13. Ne3 Nf8 14. Qf5 Qxf5 15. Nxf5 Ne6 16. 0-0-0 h5 17. h4 1/2-1/2

[Event "Bayern-chI Bank Hofmann 25th"]
[Site "Tegernsee"]
[Date "2022.11.13"]
[Round "9"]
[White "Feuerstack, Aljoscha"]
[Black "Cordts, Ingo"]
[Result "1/2-1/2"]
[WhiteElo "2467"]
[BlackElo "2200"]
[PlyCount "119"]
[EventDate "2022.11.05"]
[EventType "swiss"]
[EventRounds "9"]
[EventCountry "GER"]
[SourceTitle "CBM 211 Extra"]
[Source "ChessBase"]
[SourceDate "2023.01.31"]
[SourceVersion "1"]
[SourceVersionDate "2023.01.31"]
[SourceQuality "1"]

1. d4 d5 2. c4 e6 3. Nf3 Nf6 4. g3 dxc4 5. Bg2 a6 6. 0-0 Nc6 7. Be3 Rb8 8. Qc1 Bd6 9. Nbd2 Na5 10. Nxc4 Nxc4 11. Qxc4 b5 12. Qc6+ Nd7 13. Bg5 f6 14. Bd2 Bb7 15. Qc2 c5 16. dxc5 Bxc5 17. b4 Be7 18. Nd4 Bxg2 19. Kxg2 Nb6 20. Qc6+ Qd7 21. Rfd1 Qxc6+ 22. Nxc6 Rc8 23. Nxe7 Kxe7 24. Be3 Na4 25. Rac1 Rxc1 26. Rxc1 Kd7 27. Rd1+ Ke7 28. Rc1 Kd7 29. f4 Nb2 30. g4 Rc8 31. Rxc8 Kxc8 32. Bc5 Kd7 33. Bf8 Ke8 34. Bxg7 Kf7 35. Bh8 Nd1 36. g5 Nc3 37. a3 Nxe2 38. Kf3 Nd4+ 39. Ke4 Nc2 40. Bxf6 Nxa3 41. h4 Nc4 42. h5 a5 43. bxa5 Nxa5 44. Kd4 Nb3+ 45. Ke5 Nc5 46. Kd4 Nb3+ 47. Kc3 Nc5 48. Be5 Ne4+ 49. Kb4 Ng3 50. h6 Nf5 51. Kxb5 Kg6 52. Kc4 Kf7 53. Kd3 Kg6 54. Bc3 Kf7 55. Ke4 Nh4 56. Be1 Nf5 57. Ke5 Ne7 58. Bc3 Ng6+ 59. Ke4 Nh4 60. Be1 1/2-1/2

[Event "Bayern-chI Bank Hofmann 25th"]
[Site "Tegernsee"]
[Date "2022.11.09"]
[Round "5"]
[White "Cordts, Ingo"]
[Black "Guenther, Thomas"]
[Result "1-0"]
[WhiteElo "2200"]
[BlackElo "1989"]
[PlyCount "73"]
[EventDate "2022.11.05"]
[EventType "swiss"]
[EventRounds "9"]
[EventCountry "GER"]
[SourceTitle "CBM 211 Extra"]
[Source "ChessBase"]
[SourceDate "2023.01.31"]
[SourceVersion "1"]
[SourceVersionDate "2023.01.31"]
[SourceQuality "1"]

1. Nf3 Nf6 2. c4 e6 3. g3 b6 4. Bg2 Bb7 5. 0-0 Be7 6. Nc3 0-0 7. Re1 d6 8. e4 Nbd7 9. d4 e5 10. b3 Re8 11. Bb2 c6 12. d5 cxd5 13. cxd5 a5 14. Bf1 Ba6 15. Bxa6 Rxa6 16. Ba3 Nc5 17. Qe2 Ra8 18. Qb5 Rb8 19. Nd2 Qc8 20. Bxc5 Qxc5 21. Qxc5 bxc5 22. Nc4 Ra8 23. Nb5 Red8 24. a4 Ne8 25. f4 exf4 26. gxf4 Ra6 27. Re2 Rd7 28. Kf2 Nc7 29. Rd2 f5 30. e5 dxe5 31. Nxc7 Rxc7 32. fxe5 Rb7 33. Rb1 Bd8 34. e6 Bf6 35. d6 Kf8 36. Kf3 g6 37. Rd5 1-0

[Event "BEL-chT 2223"]
[Site "Belgium"]
[Date "2022.10.16"]
[Round "2.7"]
[White "Cordts, Ingo"]
[Black "Barzeele, Raf"]
[Result "1/2-1/2"]
[WhiteElo "2223"]
[BlackElo "1885"]
[PlyCount "54"]
[EventDate "2022.09.25"]
[EventType "team-tourn"]
[EventRounds "11"]
[EventCountry "BEL"]
[SourceTitle "EXT 2024"]
[Source "ChessBase"]
[SourceDate "2023.10.10"]
[SourceVersion "1"]
[SourceVersionDate "2023.10.10"]
[SourceQuality "1"]
[WhiteTeam "Tal"]
[BlackTeam "KBSK Brugge"]
[WhiteTeamCountry "BEL"]
[BlackTeamCountry "BEL"]

1. Nf3 c5 2. c4 Nc6 3. d4 cxd4 4. Nxd4 e5 5. Nb5 d6 6. g3 Be6 7. e4 Be7 8. N1c3 a6 9. Na3 Bg5 10. Nd5 Bxc1 11. Rxc1 Nge7 12. Bg2 0-0 13. 0-0 Nd4 14. Nc2 Nxc2 15. Nxe7+ Qxe7 16. Qxc2 b5 17. cxb5 axb5 18. a3 Rac8 19. Qd2 g6 20. Qb4 Qd7 21. h4 Rfd8 22. Rxc8 Rxc8 23. Rd1 Rc5 24. Qd2 Qc7 25. Qxd6 Qxd6 26. Rxd6 Rc1+ 27. Kh2 Rc2 1/2-1/2

[Event "BEL-chT 2122"]
[Site "Belgium"]
[Date "2022.05.01"]
[Round "5.5"]
[White "Cordts, Ingo"]
[Black "Decrop, Benjamin"]
[Result "1/2-1/2"]
[WhiteElo "2225"]
[BlackElo "2136"]
[PlyCount "39"]
[EventDate "2021.10.24"]
[EventType "team-tourn"]
[EventRounds "11"]
[EventCountry "BEL"]
[SourceTitle "EXT 2023"]
[Source "ChessBase"]
[SourceDate "2022.10.05"]
[SourceVersion "1"]
[SourceVersionDate "2022.10.05"]
[SourceQuality "1"]
[WhiteTeam "Tal"]
[BlackTeam "Oostende"]
[WhiteTeamCountry "BEL"]
[BlackTeamCountry "BEL"]

1. Nf3 Nf6 2. c4 e6 3. g3 d5 4. d4 Be7 5. Bg2 0-0 6. Nc3 dxc4 7. Ne5 Nc6 8. Bxc6 bxc6 9. Nxc6 Qe8 10. Nxe7+ Qxe7 11. Qa4 c5 12. dxc5 Qxc5 13. Be3 Qh5 14. f3 Bb7 15. Kf2 Rfc8 16. h3 Nd5 17. Nxd5 Bxd5 18. Qa3 Qe5 19. Bf4 Qd4+ 20. Be3 1/2-1/2

[Event "Rottach Egern Seniors Cup 10th"]
[Site "Rottach Egern"]
[Date "2022.03.30"]
[Round "5"]
[White "Cordts, Ingo"]
[Black "Larem, Ewald"]
[Result "1/2-1/2"]
[WhiteElo "2227"]
[BlackElo "2091"]
[PlyCount "29"]
[EventDate "2022.03.26"]
[EventType "swiss"]
[EventRounds "9"]
[EventCountry "GER"]
[SourceTitle "CBM 207 Extra"]
[Source "ChessBase"]
[SourceDate "2022.05.31"]
[SourceVersion "1"]
[SourceVersionDate "2022.05.31"]
[SourceQuality "1"]

1. d4 d5 2. c4 e6 3. Nc3 Be7 4. cxd5 exd5 5. Bf4 c6 6. e3 Nf6 7. Bd3 0-0 8. Qc2 Nbd7 9. Nf3 Re8 10. 0-0 Nf8 11. Ne5 Nh5 12. Bg3 Nxg3 13. hxg3 Bd6 14. Nf3 Bg4 15. Bf5 1/2-1/2

[Event "Rottach Egern Seniors Cup 10th"]
[Site "Rottach Egern"]
[Date "2022.03.29"]
[Round "4"]
[White "Marentini, Marcel"]
[Black "Cordts, Ingo"]
[Result "0-1"]
[WhiteElo "2053"]
[BlackElo "2227"]
[PlyCount "32"]
[EventDate "2022.03.26"]
[EventType "swiss"]
[EventRounds "9"]
[EventCountry "GER"]
[SourceTitle "CBM 207 Extra"]
[Source "ChessBase"]
[SourceDate "2022.05.31"]
[SourceVersion "1"]
[SourceVersionDate "2022.05.31"]
[SourceQuality "1"]

1. Nf3 Nf6 2. c4 e6 3. g3 d5 4. Bg2 dxc4 5. 0-0 Nbd7 6. Qa4 a6 7. Qxc4 b5 8. Qc2 Bb7 9. d3 Be7 10. Nbd2 0-0 11. Nb3 c5 12. Bd2 Rc8 13. a4 c4 14. Na5 Bxf3 15. Bxf3 c3 16. Bxc3 Qxa5 0-1

[Event "BEL-chT 2122"]
[Site "Belgium"]
[Date "2022.03.20"]
[Round "4.7"]
[White "Cordts, Ingo"]
[Black "Iboud, Samir"]
[Result "1-0"]
[WhiteElo "2225"]
[BlackElo "1810"]
[PlyCount "85"]
[EventDate "2021.10.24"]
[EventType "team-tourn"]
[EventRounds "11"]
[EventCountry "BEL"]
[SourceTitle "EXT 2023"]
[Source "ChessBase"]
[SourceDate "2022.10.05"]
[SourceVersion "1"]
[SourceVersionDate "2022.10.05"]
[SourceQuality "1"]
[WhiteTeam "Tal"]
[BlackTeam "Montigny Fontaine"]
[WhiteTeamCountry "BEL"]
[BlackTeamCountry "BEL"]

1. d4 Nf6 2. c4 g6 3. Nc3 Bg7 4. e4 d6 5. Nf3 Nbd7 6. e5 Ng8 7. Bf4 Nf8 8. d5 dxe5 9. Nxe5 a6 10. Qf3 Nf6 11. Be2 h5 12. Rd1 h4 13. c5 N8h7 14. h3 0-0 15. 0-0 Ne8 16. Bc4 Bxe5 17. Bxe5 Qd7 18. Qe3 Qf5 19. Bd3 Qg5 20. Bf4 Qf6 21. Rfe1 e6 22. Rd2 Qe7 23. Bh6 Ng7 24. Qd4 Qf6 25. Qe3 g5 26. Bxh7+ Kxh7 27. Bxg5 Qg6 28. Ne4 f5 29. Be7 f4 30. Qf3 Rf5 31. d6 Rd5 32. Nf6+ Kh8 33. Nxd5 exd5 34. Qxf4 c6 35. Qxh4+ Kg8 36. Qg5 Qxg5 37. Bxg5 Ne6 38. Bh4 Bd7 39. Re5 Kf7 40. Rd3 Rg8 41. Rf3+ Ke8 42. Rf6 Rh8 43. Rexe6+ 1-0

[Event "Bayern-chI Bank Hofmann 24th"]
[Site "Tegernsee"]
[Date "2021.11.06"]
[Round "8"]
[White "Cordts, Ingo"]
[Black "Roettig, Hans Peter"]
[Result "1-0"]
[WhiteElo "2225"]
[BlackElo "2061"]
[PlyCount "169"]
[EventDate "2021.10.30"]
[EventType "swiss"]
[EventRounds "9"]
[EventCountry "GER"]
[SourceTitle "CBM 205 Extra"]
[Source "ChessBase"]
[SourceDate "2022.01.31"]
[SourceVersion "1"]
[SourceVersionDate "2022.01.31"]
[SourceQuality "1"]

1. d4 f5 2. c4 Nf6 3. Nc3 d6 4. g3 g6 5. Bg2 Bg7 6. d5 0-0 7. Nh3 Nbd7 8. Nf4 Nc5 9. h4 Nfe4 10. Nxe4 Nxe4 11. Qc2 e5 12. dxe6 Nc5 13. Rb1 Rb8 14. h5 g5 15. e7 Qxe7 16. Bd5+ Be6 17. Nxe6 Nxe6 18. Bxe6+ Qxe6 19. Bxg5 Rbe8 20. b3 Qf7 21. Rd1 Be5 22. Bh6 Bg7 23. Qd2 Re6 24. Bxg7 Qxg7 25. Rh4 Rfe8 26. Qd5 c6 27. Qxf5 Rxe2+ 28. Kf1 R2e5 29. Qf4 Rf8 30. Qg4 Rg5 31. Qe6+ Kh8 32. Kg2 Qb2 33. Rf1 Rgf5 34. Qe3 Qf6 35. Qd4 Rf3 36. Qxf6+ R8xf6 37. Rd4 Kg7 38. Rd2 Kh6 39. Rh1 Kg5 40. Rh4 h6 41. b4 b6 42. Kg1 a5 43. b5 cxb5 44. Rd5+ R6f5 45. Rxd6 Rf6 46. Rd5+ R6f5 47. Rd6 Rf6 48. Rxf6 Kxf6 49. cxb5 Ra3 50. Rg4 Rxa2 51. Rg6+ Kf5 52. Rxh6 Kg5 53. Rxb6 Kxh5 54. Ra6 a4 55. b6 Rb2 56. Rxa4 Rxb6 57. Ra5+ Kg4 58. Ra4+ Kg5 59. Ra2 Rf6 60. Kg2 Rf5 61. f3 Rb5 62. Kh3 Rc5 63. Ra8 Kh5 64. Rg8 Rc1 65. g4+ Kh6 66. Kg3 Rc4 67. Re8 Rb4 68. Re4 Rb1 69. Re6+ Kg7 70. Kf4 Rb4+ 71. Kf5 Rb7 72. f4 Rf7+ 73. Kg5 Rb7 74. f5 Kf7 75. Rh6 Kg7 76. f6+ Kg8 77. Rh1 Rb4 78. Re1 Kf7 79. Re7+ Kf8 80. Kf5 Rc4 81. g5 Rc2 82. Ra7 Rc8 83. Kg6 Kg8 84. Rg7+ Kh8 85. Rh7+ 1-0

[Event "Mittelrhein Regionalliga 1920"]
[Site "Mittelrhein"]
[Date "2020.02.16"]
[Round "6.1"]
[White "Cordts, Ingo"]
[Black "Keller, Karsten"]
[Result "1-0"]
[WhiteElo "2216"]
[BlackElo "2132"]
[PlyCount "119"]
[EventDate "2019.09.29"]
[EventType "team-tourn"]
[EventRounds "9"]
[EventCountry "GER"]
[SourceTitle "EXT 2023"]
[Source "ChessBase"]
[SourceDate "2022.10.05"]
[SourceVersion "1"]
[SourceVersionDate "2022.10.05"]
[SourceQuality "1"]
[WhiteTeam "Koeln Ford SF"]
[BlackTeam "Langenfeld II"]
[WhiteTeamCountry "GER"]
[BlackTeamCountry "GER"]

1. Nf3 d5 2. d4 Nf6 3. c4 e6 4. g3 Bb4+ 5. Bd2 Bd6 6. Nc3 c6 7. Bg5 Nbd7 8. Bg2 0-0 9. 0-0 h6 10. Bxf6 Nxf6 11. Qd3 b6 12. e4 dxe4 13. Nxe4 Nxe4 14. Qxe4 Ba6 15. Ne5 Qc7 16. Rfe1 c5 17. dxc5 bxc5 18. b3 Rad8 19. f4 Rfe8 20. Qc6 Bxe5 21. Rxe5 Qxc6 22. Bxc6 Re7 23. Rxc5 Rc7 24. b4 Rd2 25. Bb5 Rxc5 26. bxc5 Bc8 27. Rb1 Kf8 28. Bc6 Ke7 29. a4 Kd8 30. h4 Kc7 31. Be8 f6 32. c6 Rc2 33. Bd7 Rxc4 34. Bxc8 Kxc8 35. Rb7 Rxa4 36. Rxg7 e5 37. fxe5 fxe5 38. Kf2 a5 39. Ke3 Rc4 40. Ra7 Rxc6 41. Rxa5 Rg6 42. Kf3 Rf6+ 43. Ke4 Rg6 44. Ra3 Rg4+ 45. Kf3 Rg6 46. Rd3 Kc7 47. Ke4 Rg4+ 48. Kxe5 h5 49. Ke6 Rg6+ 50. Ke7 Rg7+ 51. Kf6 Rg4 52. Rd5 Rxg3 53. Rxh5 Rh3 54. Kg5 Kd7 55. Kg4 Rh1 56. Re5 Kd6 57. Re2 Rg1+ 58. Kf5 Rh1 59. Kg5 Kd7 60. h5 1-0

[Event "Ghent Eastman op 42nd"]
[Site "Ghent"]
[Date "2019.07.22"]
[Round "5"]
[White "Van de Wynkele, Herman"]
[Black "Cordts, Ingo"]
[Result "0-1"]
[WhiteElo "2085"]
[BlackElo "2212"]
[PlyCount "124"]
[EventDate "2019.07.20"]
[EventType "swiss"]
[EventRounds "9"]
[EventCountry "BEL"]
[SourceTitle "CBM 191 Extra"]
[Source "ChessBase"]
[SourceDate "2019.09.30"]
[SourceVersion "1"]
[SourceVersionDate "2019.09.30"]
[SourceQuality "1"]

1. e4 e5 2. Bc4 Nf6 3. d3 Nc6 4. Ne2 Na5 5. Nbc3 Bc5 6. h3 a6 7. a4 Nxc4 8. dxc4 d6 9. 0-0 Nh5 10. Qd3 Be6 11. Nd5 c6 12. b4 Ba7 13. Ndc3 g5 14. Rd1 Nf4 15. Qxd6 Qxd6 16. Rxd6 Bxc4 17. Ng3 Bd4 18. Bb2 Be6 19. Rxd4 exd4 20. Nce2 Nxe2+ 21. Nxe2 0-0 22. Bxd4 a5 23. Ng3 axb4 24. Nh5 Rfd8 25. Nf6+ Kg7 26. Nd7+ Kg6 27. Ne5+ Kh6 28. Nf3 g4 29. hxg4 Bxg4 30. Be3+ Kh5 31. Nd2 Be6 32. f4 f5 33. g4+ Kxg4 34. Kf2 fxe4 35. Nxe4 Kf5 36. Ng3+ Kf6 37. Rh1 Bg8 38. Nh5+ Ke6 39. f5+ Kxf5 40. Ng3+ Kg4 41. Ne2 Rf8+ 42. Ke1 Kf3 43. Bc5 Rfe8 44. Rf1+ Ke4 45. Bxb4 Rxa4 46. Rf4+ Kd5 47. Kd2 Ke6 48. Re4+ Kd7 49. Rd4+ Kc8 50. Nc3 Ra1 51. Ne4 Rd8 52. Nd6+ Kc7 53. Bc3 Rh1 54. Ba5+ b6 55. Nb5+ cxb5 56. Bxb6+ Kxb6 57. Rxd8 Rh2+ 58. Kc3 Bc4 59. Rb8+ Kc7 60. Rh8 h5 61. Kb4 Kd6 62. c3 h4 0-1

[Event "Mittelrhein Regionalliga 18/19"]
[Site "Nordrheinwestfalen"]
[Date "2019.05.05"]
[Round "10.1"]
[White "Vandenbergen, Nicolas"]
[Black "Cordts, Ingo"]
[Result "1/2-1/2"]
[WhiteElo "2156"]
[BlackElo "2161"]
[PlyCount "30"]
[EventDate "2018.10.28"]
[EventType "team-tourn"]
[EventRounds "11"]
[EventCountry "GER"]
[SourceTitle "EXT 2022"]
[Source "ChessBase"]
[SourceDate "2021.10.06"]
[SourceVersion "1"]
[SourceVersionDate "2021.10.06"]
[SourceQuality "1"]
[WhiteTeam "Euskirchen Turm"]
[BlackTeam "Koeln Ford SF"]
[WhiteTeamCountry "GER"]
[BlackTeamCountry "GER"]

1. Nc3 Nf6 2. e4 e5 3. f4 d5 4. fxe5 Nxe4 5. Nf3 Be7 6. d4 0-0 7. Bd3 f5 8. exf6 Bxf6 9. 0-0 Nc6 10. Nxe4 dxe4 11. Bxe4 Nxd4 12. Kh1 Bf5 13. Bxf5 Nxf5 14. Qe2 Qe8 15. Qd3 Nd6 1/2-1/2

[Event "Mittelrhein Regionalliga 18/19"]
[Site "Nordrheinwestfalen"]
[Date "2018.09.30"]
[Round "2.1"]
[White "Cordts, Ingo"]
[Black "Rechmann, Peter"]
[Result "1/2-1/2"]
[WhiteElo "2180"]
[BlackElo "2236"]
[PlyCount "46"]
[EventDate "2018.10.28"]
[EventType "team-tourn"]
[EventRounds "11"]
[EventCountry "GER"]
[SourceTitle "EXT 2022"]
[Source "ChessBase"]
[SourceDate "2021.10.06"]
[SourceVersion "1"]
[SourceVersionDate "2021.10.06"]
[SourceQuality "1"]
[WhiteTeam "Koeln Ford SF"]
[BlackTeam "Langenfeld"]
[WhiteTeamCountry "GER"]
[BlackTeamCountry "GER"]

1. Nf3 Nf6 2. c4 e6 3. g3 d5 4. d4 Bb4+ 5. Bd2 Bd6 6. Bg2 c6 7. Qc2 0-0 8. 0-0 Nbd7 9. Nc3 dxc4 10. e4 e5 11. Rad1 Qc7 12. Bg5 exd4 13. Nxd4 h6 14. Bxf6 Nxf6 15. Ndb5 cxb5 16. Nxb5 Qa5 17. Nxd6 Be6 18. Nxb7 Qh5 19. Qc3 Rab8 20. e5 Ng4 21. h3 Rxb7 22. hxg4 Bxg4 23. Bxb7 Bxd1 1/2-1/2

[Event "Mittelrhein Verbandsliga-N 17/18"]
[Site "Nordrheinwestfalen"]
[Date "2017.12.03"]
[Round "5.1"]
[White "Kocur, Alois"]
[Black "Cordts, Ingo"]
[Result "1/2-1/2"]
[WhiteElo "2158"]
[BlackElo "2190"]
[PlyCount "25"]
[EventDate "2017.09.10"]
[EventType "team-swiss"]
[EventRounds "11"]
[EventCountry "GER"]
[SourceTitle "EXT 2022"]
[Source "ChessBase"]
[SourceDate "2021.10.06"]
[SourceVersion "1"]
[SourceVersionDate "2021.10.06"]
[SourceQuality "1"]
[WhiteTeam "Hitdorf SV Springer"]
[BlackTeam "Koeln Ford SF"]
[WhiteTeamCountry "GER"]
[BlackTeamCountry "GER"]

1. e4 e5 2. Nf3 Nc6 3. Bb5 a6 4. Ba4 Nf6 5. d4 exd4 6. 0-0 Be7 7. Re1 b5 8. e5 Nd5 9. Bb3 Nb6 10. c3 dxc3 11. Nxc3 0-0 12. Bf4 d6 13. exd6 1/2-1/2

[Event "Mittelrhein Verbandsliga-N 17/18"]
[Site "Nordrheinwestfalen"]
[Date "2017.11.12"]
[Round "4.1"]
[White "Cordts, Ingo"]
[Black "Marcks, Martin"]
[Result "1-0"]
[WhiteElo "2214"]
[BlackElo "2037"]
[PlyCount "79"]
[EventDate "2017.09.10"]
[EventType "team-swiss"]
[EventRounds "11"]
[EventCountry "GER"]
[SourceTitle "EXT 2022"]
[Source "ChessBase"]
[SourceDate "2021.10.06"]
[SourceVersion "1"]
[SourceVersionDate "2021.10.06"]
[SourceQuality "1"]
[WhiteTeam "Koeln Ford SF"]
[BlackTeam "Rheinpark BSG"]
[WhiteTeamCountry "GER"]
[BlackTeamCountry "GER"]

1. Nf3 Nf6 2. c4 c5 3. Nc3 b6 4. g3 Bb7 5. Bg2 g6 6. 0-0 Bg7 7. d4 cxd4 8. Qxd4 0-0 9. Qh4 d6 10. Bh6 Nbd7 11. Bxg7 Kxg7 12. Rfd1 Rc8 13. Rac1 Qc7 14. b3 a6 15. Qf4 Qb8 16. Ne1 Qa8 17. Qd4 Rfe8 18. Bh3 Kg8 19. Nd3 Rcd8 20. Nb4 Qb8 21. Ncd5 a5 22. Nxf6+ exf6 23. Nc2 Nc5 24. Ne3 Ne4 25. Qxb6 f5 26. Qxa5 f4 27. Nd5 Re5 28. gxf4 Ree8 29. Bg2 Bxd5 30. Qxd5 Nf6 31. Qd4 Nh5 32. Bf3 Ng7 33. e3 Qc8 34. Qf6 Re6 35. Qg5 h6 36. Qd5 Ree8 37. Kh1 Qh3 38. Rg1 Qh4 39. Rxg6 Kh8 40. Qxf7 1-0

[Event "Mittelrhein Verbandsliga-M 16/17"]
[Site "Nordrheinwestfalen"]
[Date "2016.12.18"]
[Round "5.1"]
[White "Lambertz, Michael"]
[Black "Cordts, Ingo"]
[Result "1/2-1/2"]
[WhiteElo "1980"]
[BlackElo "2239"]
[PlyCount "33"]
[EventDate "2016.09.11"]
[EventType "team-tourn"]
[EventRounds "11"]
[EventCountry "GER"]
[SourceTitle "EXT 2022"]
[Source "ChessBase"]
[SourceDate "2021.10.06"]
[SourceVersion "1"]
[SourceVersionDate "2021.10.06"]
[SourceQuality "1"]
[WhiteTeam "Esch SF"]
[BlackTeam "Koeln Ford SF"]
[WhiteTeamCountry "GER"]
[BlackTeamCountry "GER"]

1. e4 e5 2. Nf3 Nc6 3. Bc4 Bc5 4. b4 Bxb4 5. c3 Be7 6. d4 Na5 7. Nxe5 Nxc4 8. Nxc4 d5 9. exd5 Qxd5 10. Ne3 Qd8 11. 0-0 Nf6 12. Ba3 0-0 13. Re1 Re8 14. Bxe7 Rxe7 15. Nd2 Qe8 16. Nf3 Be6 17. Qc2 1/2-1/2

[Event "Mittelrhein Verbandsliga-M 16/17"]
[Site "Nordrheinwestfalen"]
[Date "2016.11.27"]
[Round "4.1"]
[White "Cordts, Ingo"]
[Black "Kocur, Alois"]
[Result "1/2-1/2"]
[WhiteElo "2239"]
[BlackElo "2146"]
[PlyCount "50"]
[EventDate "2016.09.11"]
[EventType "team-tourn"]
[EventRounds "11"]
[EventCountry "GER"]
[SourceTitle "EXT 2022"]
[Source "ChessBase"]
[SourceDate "2021.10.06"]
[SourceVersion "1"]
[SourceVersionDate "2021.10.06"]
[SourceQuality "1"]
[WhiteTeam "Koeln Ford SF"]
[BlackTeam "Hitdorf SV Springer"]
[WhiteTeamCountry "GER"]
[BlackTeamCountry "GER"]

1. Nf3 Nf6 2. c4 g6 3. Nc3 Bg7 4. e4 0-0 5. d4 c6 6. h3 d5 7. cxd5 cxd5 8. e5 Ne4 9. Bd3 Nxc3 10. bxc3 Nc6 11. 0-0 Na5 12. Bf4 h6 13. Qc1 Kh7 14. h4 Bg4 15. Nh2 Be6 16. h5 Qd7 17. Qc2 Bf5 18. g4 Bxg4 19. hxg6+ fxg6 20. Bxg6+ Kh8 21. Qc1 Qe6 22. Bb1 Rg8 23. Nxg4 Qxg4+ 24. Bg3 Bf8 25. Qc2 Rg7 1/2-1/2